00641nam a2200193Ia 450000500170000000800410001702000140005804000180007204100080009008200200009810000180011824500640013625000120020026000460021230000300025865000900028865000170037865000520039520251031145732.0210716s2003 xx 000 0 und d a333939190 cAIMIT LIBRARY aeng a005.8 21bFADA aFadia, Ankit. aNetwork security : bhackers perspective /cBy Ankit Fadia. a1st ed. aNew Delhi :bMacmillan India Ltd ,c2003. axvii,342p. ;bPBc24.3 cm aScanning fingerprinting and information gathering remote system information gathering aUnder attack aSecure protocols encryption algorithms and file